<?xml version="1.0" encoding="UTF-8"?>
<record
    xmlns:xsi="http://www.w3.org/2001/XMLSchema-instance"
    xsi:schemaLocation="http://www.loc.gov/MARC21/slim http://www.loc.gov/standards/marcxml/schema/MARC21slim.xsd"
    xmlns="http://www.loc.gov/MARC21/slim">

  <leader>00697nam a2200205 a 4500</leader>
  <controlfield tag="005">20250822131842.0</controlfield>
  <datafield tag="020" ind1=" " ind2=" ">
    <subfield code="a">0195685229 (paperback)</subfield>
  </datafield>
  <datafield tag="020" ind1=" " ind2=" ">
    <subfield code="a">9780195685220 (paperback)</subfield>
  </datafield>
  <datafield tag="082" ind1=" " ind2=" ">
    <subfield code="a">541.3 ATK</subfield>
  </datafield>
  <datafield tag="100" ind1="1" ind2=" ">
    <subfield code="a">Atkins, Peter &amp; Julio de Paula.</subfield>
    <subfield code="9">721</subfield>
  </datafield>
  <datafield tag="245" ind1="1" ind2="0">
    <subfield code="a">Atkins Physical Chemistry </subfield>
  </datafield>
  <datafield tag="250" ind1=" " ind2=" ">
    <subfield code="a">8th.ed</subfield>
  </datafield>
  <datafield tag="260" ind1=" " ind2=" ">
    <subfield code="a">U.K</subfield>
    <subfield code="b">Oxford University Press,</subfield>
    <subfield code="c">2006.</subfield>
  </datafield>
  <datafield tag="300" ind1=" " ind2=" ">
    <subfield code="a">1064p</subfield>
  </datafield>
  <datafield tag="500" ind1=" " ind2=" ">
    <subfield code="a">International Student edition</subfield>
  </datafield>
  <datafield tag="520" ind1=" " ind2=" ">
    <subfield code="a">good condition for this book, all pages complete and readable, cover shows signs of normal wear, fast shipping.</subfield>
  </datafield>
  <datafield tag="650" ind1=" " ind2=" ">
    <subfield code="a">physical chemistry</subfield>
    <subfield code="9">133</subfield>
  </datafield>
  <datafield tag="856" ind1="4" ind2="0">
    <subfield code="u">http://www.amazon.com/exec/obidos/ASIN/0195685229/chopaconline-20</subfield>
  </datafield>
  <datafield tag="942" ind1=" " ind2=" ">
    <subfield code="c">REF</subfield>
  </datafield>
  <datafield tag="999" ind1=" " ind2=" ">
    <subfield code="c">691</subfield>
    <subfield code="d">691</subfield>
  </datafield>
  <datafield tag="952" ind1=" " ind2=" ">
    <subfield code="0">0</subfield>
    <subfield code="1">0</subfield>
    <subfield code="7">0</subfield>
    <subfield code="8">NFIC</subfield>
    <subfield code="a">IC</subfield>
    <subfield code="b">IC</subfield>
    <subfield code="c">GEN</subfield>
    <subfield code="d">2015-05-23</subfield>
    <subfield code="g">1542.75</subfield>
    <subfield code="l">0</subfield>
    <subfield code="o">541.3 ATK</subfield>
    <subfield code="p">004725</subfield>
    <subfield code="r">2015-05-23 00:00:00</subfield>
    <subfield code="w">2015-05-23</subfield>
    <subfield code="y">REF</subfield>
  </datafield>
  <datafield tag="952" ind1=" " ind2=" ">
    <subfield code="0">0</subfield>
    <subfield code="1">0</subfield>
    <subfield code="7">0</subfield>
    <subfield code="8">NFIC</subfield>
    <subfield code="a">IC</subfield>
    <subfield code="b">IC</subfield>
    <subfield code="c">GEN</subfield>
    <subfield code="d">2015-05-23</subfield>
    <subfield code="g">1542.75</subfield>
    <subfield code="l">0</subfield>
    <subfield code="o">541.3 ATK</subfield>
    <subfield code="p">004726</subfield>
    <subfield code="r">2015-05-23 00:00:00</subfield>
    <subfield code="w">2015-05-23</subfield>
    <subfield code="y">REF</subfield>
  </datafield>
  <datafield tag="952" ind1=" " ind2=" ">
    <subfield code="0">0</subfield>
    <subfield code="1">0</subfield>
    <subfield code="7">0</subfield>
    <subfield code="8">NFIC</subfield>
    <subfield code="a">IC</subfield>
    <subfield code="b">IC</subfield>
    <subfield code="c">GEN</subfield>
    <subfield code="d">2015-05-23</subfield>
    <subfield code="g">1542.75</subfield>
    <subfield code="l">0</subfield>
    <subfield code="o">541.3 ATK</subfield>
    <subfield code="p">005998</subfield>
    <subfield code="r">2015-05-23 00:00:00</subfield>
    <subfield code="w">2015-05-23</subfield>
    <subfield code="y">REF</subfield>
  </datafield>
  <datafield tag="952" ind1=" " ind2=" ">
    <subfield code="0">0</subfield>
    <subfield code="1">0</subfield>
    <subfield code="7">0</subfield>
    <subfield code="8">NFIC</subfield>
    <subfield code="a">IC</subfield>
    <subfield code="b">IC</subfield>
    <subfield code="c">GEN</subfield>
    <subfield code="d">2015-05-23</subfield>
    <subfield code="g">1542.75</subfield>
    <subfield code="l">0</subfield>
    <subfield code="o">541.3 ATK</subfield>
    <subfield code="p">005115</subfield>
    <subfield code="r">2015-05-23 00:00:00</subfield>
    <subfield code="w">2015-05-23</subfield>
    <subfield code="y">REF</subfield>
  </datafield>
  <datafield tag="952" ind1=" " ind2=" ">
    <subfield code="0">0</subfield>
    <subfield code="1">0</subfield>
    <subfield code="7">0</subfield>
    <subfield code="8">NFIC</subfield>
    <subfield code="a">IC</subfield>
    <subfield code="b">IC</subfield>
    <subfield code="c">GEN</subfield>
    <subfield code="d">2015-05-23</subfield>
    <subfield code="g">1542.75</subfield>
    <subfield code="l">37</subfield>
    <subfield code="m">2</subfield>
    <subfield code="o">541.3 ATK</subfield>
    <subfield code="p">005999</subfield>
    <subfield code="r">2026-03-17 11:36:44</subfield>
    <subfield code="s">2026-03-03</subfield>
    <subfield code="w">2015-05-23</subfield>
    <subfield code="y">BK</subfield>
  </datafield>
  <datafield tag="952" ind1=" " ind2=" ">
    <subfield code="0">0</subfield>
    <subfield code="1">0</subfield>
    <subfield code="7">0</subfield>
    <subfield code="8">NFIC</subfield>
    <subfield code="a">IC</subfield>
    <subfield code="b">IC</subfield>
    <subfield code="c">GEN</subfield>
    <subfield code="d">2015-05-27</subfield>
    <subfield code="g">1542.75</subfield>
    <subfield code="l">22</subfield>
    <subfield code="m">1</subfield>
    <subfield code="o">541.3 ATK</subfield>
    <subfield code="p">005483</subfield>
    <subfield code="r">2022-11-17 00:00:00</subfield>
    <subfield code="s">2020-03-09</subfield>
    <subfield code="y">BK</subfield>
  </datafield>
  <datafield tag="952" ind1=" " ind2=" ">
    <subfield code="0">0</subfield>
    <subfield code="1">0</subfield>
    <subfield code="7">0</subfield>
    <subfield code="8">NFIC</subfield>
    <subfield code="a">IC</subfield>
    <subfield code="b">IC</subfield>
    <subfield code="c">GEN</subfield>
    <subfield code="d">2015-05-29</subfield>
    <subfield code="g">1542.75</subfield>
    <subfield code="l">17</subfield>
    <subfield code="m">2</subfield>
    <subfield code="o">541.3 ATK</subfield>
    <subfield code="p">005116</subfield>
    <subfield code="r">2022-11-17 00:00:00</subfield>
    <subfield code="s">2020-03-01</subfield>
    <subfield code="w">2015-05-29</subfield>
    <subfield code="y">BK</subfield>
  </datafield>
  <datafield tag="952" ind1=" " ind2=" ">
    <subfield code="0">0</subfield>
    <subfield code="1">0</subfield>
    <subfield code="7">0</subfield>
    <subfield code="8">NFIC</subfield>
    <subfield code="a">IC</subfield>
    <subfield code="b">IC</subfield>
    <subfield code="c">GEN</subfield>
    <subfield code="d">2019-01-01</subfield>
    <subfield code="g">1542.75</subfield>
    <subfield code="l">16</subfield>
    <subfield code="m">1</subfield>
    <subfield code="o">541.3 ATK</subfield>
    <subfield code="p">007330</subfield>
    <subfield code="r">2024-06-02 10:19:54</subfield>
    <subfield code="s">2024-05-19</subfield>
    <subfield code="y">BK</subfield>
  </datafield>
</record>
